Mente y cerebro : una filosofía de la ciencia /

محفوظ في:
التفاصيل البيبلوغرافية
المؤلف الرئيسي: Rosenblueth, Arturo (autor)
التنسيق: كتاب
اللغة:الإسبانية
منشور في: México : Siglo XXI, 1970, c1970
سلاسل:(Teoría y Crítica)
الموضوعات:
الوسوم: إضافة وسم
لا توجد وسوم, كن أول من يضع وسما على هذه التسجيلة!

MARC

LEADER 00000nam^a2200000^a^4500
001 000183223
005 20250521000000.0
009 20260310102034.336
037 |a Acervo ITESO - Biblioteca 
041 |a ESP 
082 |a 612. 8  |b ROS 
100 |a Rosenblueth, Arturo  |e (autor) 
240 1 1 |a [Mente y cerebro] 
245 1 0 |a Mente y cerebro :  |b una filosofía de la ciencia /  |c A. Rosenblueth. 
264 4 |a México :  |b Siglo XXI,  |c 1970, c1970 
300 |a VIII, 159 p. 
336 |a texto  |b txt  |2 rdacontenido 
337 |a sin mediación  |b n  |2 rdamedio 
338 |a volumen  |b nc  |2 rdasoporte 
440 1 |a (Teoría y Crítica) 
649 |a XX 
650 |a Cerebro -  |x Tema Principal 
650 |a Neurofisiología 
650 |a Psicología Cognitiva -  |x Tema Principal 
650 |a Conocimiento 
650 |a Sentidos y Sensaciones 
650 |a Fisiología 
650 |a Biología 
650 |a Epistemología 
650 |a Medicina 
910 |a Fondo General 
920 |a Impresos - Libros 
930 |a Colección General 
905 |a 101 
901 |a 0500123321  |b IT1  |c ACC  |u 20250521 
902 |a https://opac.biblio.iteso.mx/vufind/Record/000183223